| 000 -LEADER |
| fixed length control field |
01784cam a2200397 i 4500 |
| 001 - CONTROL NUMBER |
| control field |
b0878624 |
| 003 - CONTROL NUMBER IDENTIFIER |
| control field |
OSt |
| 005 - DATE AND TIME OF LATEST TRANSACTION |
| control field |
20241111135551.0 |
| 008 - FIXED-LENGTH DATA ELEMENTS--GENERAL INFORMATION |
| fixed length control field |
240624t20202020enkab c 000 1 eng d |
| 020 ## - INTERNATIONAL STANDARD BOOK NUMBER |
| International Standard Book Number |
9781474964388 |
| Qualifying information |
(paperback) : |
| 040 ## - CATALOGING SOURCE |
| Original cataloging agency |
AU@ |
| Language of cataloging |
eng |
| Transcribing agency |
AU@ |
| Modifying agency |
OCLCO |
| -- |
OCLCF |
| -- |
WYL |
| -- |
OCLCO |
| -- |
NZKAP |
| -- |
OCLCO |
| -- |
ATBIA |
| -- |
CNGUL |
| -- |
OCLCO |
| -- |
OCLCQ |
| -- |
OCLCL |
| -- |
TAE |
| -- |
KH8 |
| Description conventions |
rda |
| 042 ## - AUTHENTICATION CODE |
| Authentication code |
nbic |
| 082 0# - DEWEY DECIMAL CLASSIFICATION NUMBER |
| Classification number |
823.92 BUN |
| 100 1# - MAIN ENTRY--PERSONAL NAME |
| Personal name |
Bunzl, Peter, |
| Relator term |
author. |
| 245 10 - TITLE STATEMENT |
| Title |
Shadowsea / |
| Statement of responsibility, etc. |
Peter Bunzl ; illustrations by Becca Stadtlander. |
| 264 #1 - PRODUCTION, PUBLICATION, DISTRIBUTION, MANUFACTURE, AND COPYRIGHT NOTICE |
| Place of production, publication, distribution, manufacture |
London : |
| Name of producer, publisher, distributor, manufacturer |
Usborne, |
| Date of production, publication, distribution, manufacture, or copyright notice |
2020. |
| 264 #4 - PRODUCTION, PUBLICATION, DISTRIBUTION, MANUFACTURE, AND COPYRIGHT NOTICE |
| Date of production, publication, distribution, manufacture, or copyright notice |
©2020. |
| 300 ## - PHYSICAL DESCRIPTION |
| Extent |
363 pages : |
| Other physical details |
illustrations, map ; |
| Dimensions |
20 cm. |
| 336 ## - CONTENT TYPE |
| Content type term |
text |
| Content type code |
txt |
| Source |
rdacontent. |
| 336 ## - CONTENT TYPE |
| Content type term |
still image |
| Content type code |
sti |
| Source |
rdacontent. |
| 337 ## - MEDIA TYPE |
| Media type term |
unmediated |
| Media type code |
n |
| Source |
rdamedia. |
| 338 ## - CARRIER TYPE |
| Carrier type term |
volume |
| Carrier type code |
nc |
| Source |
rdacarrier. |
| 490 1# - SERIES STATEMENT |
| Series statement |
A Cogheart adventure ; |
| Volume/sequential designation |
bk.4. |
| 500 ## - GENERAL NOTE |
| General note |
"A fantastic voyage of terror and triumph"--Cover. |
| 520 ## - SUMMARY, ETC. |
| Summary, etc. |
Swept into the bright hustle and bustle of New York, Lily, Robert and Malkin discover shadowy secrets lie beneath its surface. For there are chilling goings-on in their hotel - a strange boy held captive, haunted by an undersea mystery; and a revengeful villain with a treacherous plan. Searching for clues, Robert and Lily are plunged into deep water, but can they reveal the deadly truth before the secrets submerge them? |
| 521 1# - TARGET AUDIENCE NOTE |
| Target audience note |
Ages 9-12. |
| 650 #0 - SUBJECT ADDED ENTRY--TOPICAL TERM |
| Topical term or geographic name entry element |
Action and adventure fiction. |
| 650 #0 - SUBJECT ADDED ENTRY--TOPICAL TERM |
| Topical term or geographic name entry element |
Missing persons |
| Form subdivision |
Juvenile fiction. |
| 650 #0 - SUBJECT ADDED ENTRY--TOPICAL TERM |
| Topical term or geographic name entry element |
Criminals |
| Form subdivision |
Juvenile fiction. |
| 650 #0 - SUBJECT ADDED ENTRY--TOPICAL TERM |
| Topical term or geographic name entry element |
Friendship |
| Form subdivision |
Juvenile fiction. |
| 650 #0 - SUBJECT ADDED ENTRY--TOPICAL TERM |
| Topical term or geographic name entry element |
Secrecy |
| Form subdivision |
Juvenile fiction. |
| 651 #0 - SUBJECT ADDED ENTRY--GEOGRAPHIC NAME |
| Geographic name |
New York (N.Y.) |
| Form subdivision |
Juvenile fiction. |
| 700 1# - ADDED ENTRY--PERSONAL NAME |
| Personal name |
Stadtlander, Becca, |
| Relator term |
illustrator. |
| 800 1# - SERIES ADDED ENTRY--PERSONAL NAME |
| Personal name |
Bunzl, Peter. |
| Title of a work |
Cogheart trilogy ; |
| Volume/sequential designation |
4. |
| 942 ## - ADDED ENTRY ELEMENTS (KOHA) |
| Source of classification or shelving scheme |
|
| Koha item type |
Books - Fiction |